=LDR 00000nam 2200000 4500 =001 INLIS000000000015653 =005 20130612110927 =008 ***********************************Indo** =035 ##$$0010-061300000015653 =041 ##$$a Indo =082 ##$$a F.Rom K =090 ##$$a F.Rom K, Tar k =100 ##$$a Tarmizi MS =245 ##$$a Kisah Arman Dan Bawang Putih Yang Serba Guna, Tarmizi MS =260 ##$$a 1993 $b Padang =300 ##$$a v 102 hlm, ilus, 20 cm =650 ##$$a Fiksi Kanak-Kanak =850 ##$$a NBPNMAT